000 00364nam a22001577a 4500
005 20180203165918.0
008 160614b xxu||||| |||| 00| 0 eng d
041 _aeng
082 _b7490
_a005.133
100 _aKanetar, Yashawant
_91903
245 _aLet us C
260 _bBPB Publishing
_anew delhi
300 _a750
650 _aManagement
_9241
942 _cBK
999 _c2678
_d2677